| 000 | 00566nam a2200241Ia 4500 | ||
|---|---|---|---|
| 003 | OSt | ||
| 005 | 20140311163101.0 | ||
| 008 | 140130s9999 xx 000 0 und d | ||
| 020 | _a0590446479 | ||
| 050 |
_aPZ 7 _b.B772 1992 |
||
| 100 |
_aBourgeois, Paulette _923066 |
||
| 245 |
_aFranklin fibs / _cBourgeois, Paulette |
||
| 260 |
_bScholastic, _c1992. _aNew York : |
||
| 300 | _bcol. ill. ; | ||
| 440 |
_v1 _931174 |
||
| 521 | _aG2 | ||
| 526 | _c440 | ||
| 942 |
_cBK _2lcc |
||
| 999 |
_c40347 _d40347 |
||